000 00426cam a2200157ua 4500
041 _aeng
_h
082 _a541.3
_bDAN/MA
100 _aDaniels, Farrington .
245 _aMathematical preparation for physical chemistry /
_cFarrington Daniels.
_hTextual Documents
250 _a1 /
_b.
260 _aNew York :
_bMcGraw Hill Book Company ,
_c1928.
300 _a310 ; .
504 _a
942 _cBK
999 _c9567
_d9567